[Event "Titled Tuesday intern op 01st Apr Late"]
[Site "Chess.com INT"]
[Date "2025.04.01"]
[Round "1"]
[White "Annaberdiyev, Babageldi"]
[Black "Schaefer, Sasha Milo"]
[Result "1/2-1/2"]
[WhiteElo "2208"]
[BlackElo "2050"]
[PlyCount "78"]
[EventDate "2025.04.01"]
[EventType "swiss (blitz)"]
[EventRounds "11"]
[EventCountry "USA"]
[SourceTitle "CB15_2025"]
[SourceDate "2025.04.09"]
[SourceVersion "1"]
[SourceVersionDate "2025.04.09"]
[SourceQuality "1"]

1. e4 c6 2. d4 d5 3. Nd2 dxe4 4. Nxe4 Nf6 5. Nxf6+ exf6 6. Bc4 Bd6 7. Qe2+ Be7 8. Nf3 0-0 9. 0-0 Bd6 10. Re1 a5 11. a4 Na6 12. c3 Nc7 13. h3 Re8 14. Qd1 Rxe1+ 15. Qxe1 Bf5 16. Be3 Qd7 17. Bf1 Re8 18. Qd2 Nd5 19. Re1 Be4 20. Be2 f5 21. Qc1 f4 22. Bd2 f6 23. Bd1 g5 24. Nh2 f5 25. f3 Bd3 26. Bb3 Kg7 27. Rxe8 Qxe8 28. Qe1 Qxe1+ 29. Bxe1 Ne3 30. Bd2 Nc4 31. Bc1 b5 32. Nf1 Nb6 33. axb5 cxb5 34. Nd2 a4 35. Be6 Kf6 36. Bg8 h6 37. Kf2 Nc4 38. Nxc4 Bxc4 39. Bxc4 bxc4 1/2-1/2

[Event "Titled Tuesday intern op 01st Apr Late"]
[Site "Chess.com INT"]
[Date "2025.04.01"]
[Round "4"]
[White "Khanbutaev, Artemiy"]
[Black "Schaefer, Sasha Milo"]
[Result "1-0"]
[WhiteElo "2097"]
[BlackElo "2050"]
[PlyCount "121"]
[EventDate "2025.04.01"]
[EventType "swiss (blitz)"]
[EventRounds "11"]
[EventCountry "USA"]
[SourceTitle "CB15_2025"]
[SourceDate "2025.04.09"]
[SourceVersion "1"]
[SourceVersionDate "2025.04.09"]
[SourceQuality "1"]

1. d4 d5 2. c4 e6 3. Nf3 Nf6 4. g3 dxc4 5. Bg2 c5 6. 0-0 Nc6 7. dxc5 Qxd1 8. Rxd1 Bxc5 9. Nbd2 c3 10. bxc3 0-0 11. Ne1 Bd7 12. Nd3 Be7 13. Nb3 b6 14. Bg5 Rac8 15. c4 h6 16. Bf4 Rfd8 17. c5 bxc5 18. Ndxc5 Be8 19. Nb7 Rxd1+ 20. Rxd1 e5 21. Be3 Rb8 22. N7c5 Rd8 23. Rxd8 Bxd8 24. Nb7 Bb6 25. N3c5 Nd4 26. Kf1 Bb5 27. Nd3 e4 28. Nc1 Ng4 29. Bxd4 Bxd4 30. h3 Nxf2 31. Nd6 e3 32. Nxb5 Be5 33. g4 a6 34. Na3 Bb2 35. Nc4 Bxc1 36. Bb7 Nxh3 37. Bxa6 Ng5 38. Bc8 g6 39. a4 Bd2 40. a5 Ne4 41. a6 Bb4 42. a7 Nd2+ 43. Kg2 Nxc4 44. a8Q Nb6 45. Qb7 Kg7 46. Qxb6 Be7 47. Qd4+ Bf6 48. Qxe3 Be7 49. Qf3 Bf6 50. Bb7 Be7 51. Bd5 Bf6 52. Qe4 g5 53. Qf3 h5 54. e4 hxg4 55. Qxg4 Be7 56. Qf5 Bf6 57. e5 Bxe5 58. Qxe5+ Kh6 59. Qf6+ Kh5 60. Qf3+ Kh4 61. Qh3# 1-0

[Event "Titled Tuesday intern op 01st Apr Late"]
[Site "Chess.com INT"]
[Date "2025.04.01"]
[Round "9"]
[White "Pieri, Pierre Louis"]
[Black "Schaefer, Sasha Milo"]
[Result "1-0"]
[WhiteElo "2191"]
[BlackElo "2050"]
[PlyCount "85"]
[EventDate "2025.04.01"]
[EventType "swiss (blitz)"]
[EventRounds "11"]
[EventCountry "USA"]
[SourceTitle "CB15_2025"]
[SourceDate "2025.04.09"]
[SourceVersion "1"]
[SourceVersionDate "2025.04.09"]
[SourceQuality "1"]

1. d4 d5 2. e4 dxe4 3. Nc3 Nf6 4. f3 exf3 5. Nxf3 e6 6. Bg5 Be7 7. Bd3 0-0 8. Qe2 Nc6 9. 0-0-0 Nb4 10. h4 Nxd3+ 11. Rxd3 h6 12. Bd2 Nd5 13. Ne4 b6 14. g4 Ba6 15. g5 Bxd3 16. Qxd3 h5 17. Rg1 g6 18. Ne5 Kg7 19. c4 Nb4 20. Bxb4 Bxb4 21. Nc6 Qd7 22. Nxb4 c5 23. dxc5 Qa4 24. Qc3+ f6 25. Nxf6 bxc5 26. Nxh5+ Kf7 27. Qf6+ Ke8 28. Qxe6+ Kd8 29. Rd1+ Kc7 30. Qe7+ Kb6 31. Nd5+ Ka6 32. Qd6+ Kb7 33. Qc7+ Ka6 34. Nb4+ Qxb4 35. Rd6+ Qb6 36. Rxb6+ axb6 37. Nf6 Rfd8 38. Nd7 Rab8 39. Nxb8+ Rxb8 40. Qxb8 Ka5 41. Qa7+ Kb4 42. Qxb6+ Ka4 43. Qb5# 1-0

[Event "Titled Tuesday intern op 01st Apr Late"]
[Site "Chess.com INT"]
[Date "2025.04.01"]
[Round "5"]
[White "Schaefer, Sasha Milo"]
[Black "Douissa, Oussama"]
[Result "1/2-1/2"]
[WhiteElo "2050"]
[BlackElo "2242"]
[PlyCount "63"]
[EventDate "2025.04.01"]
[EventType "swiss (blitz)"]
[EventRounds "11"]
[EventCountry "USA"]
[SourceTitle "CB15_2025"]
[SourceDate "2025.04.09"]
[SourceVersion "1"]
[SourceVersionDate "2025.04.09"]
[SourceQuality "1"]

1. e4 c5 2. Nf3 d6 3. Bb5+ Bd7 4. Bxd7+ Qxd7 5. c4 Nc6 6. Nc3 Nf6 7. d4 cxd4 8. Nxd4 g6 9. f3 Bg7 10. Be3 0-0 11. 0-0 Rfc8 12. b3 Qd8 13. Qd2 a6 14. Rfd1 Nd7 15. Rac1 Nxd4 16. Bxd4 Bxd4+ 17. Qxd4 Qb6 18. Qxb6 Nxb6 19. Nd5 Nxd5 20. cxd5 Kf8 21. Kf2 Ke8 22. Ke3 Kd7 23. Kd2 h5 24. Rxc8 Rxc8 25. Rc1 Rf8 26. h4 f5 27. Ke3 fxe4 28. fxe4 Rg8 29. Kf4 Rf8+ 30. Ke3 Rg8 31. Kf4 Rf8+ 32. Ke3 1/2-1/2

[Event "Titled Tuesday intern op 01st Apr Late"]
[Site "Chess.com INT"]
[Date "2025.04.01"]
[Round "11"]
[White "Yurasova, Daria"]
[Black "Schaefer, Sasha Milo"]
[Result "0-1"]
[WhiteElo "2064"]
[BlackElo "2050"]
[PlyCount "68"]
[EventDate "2025.04.01"]
[EventType "swiss (blitz)"]
[EventRounds "11"]
[EventCountry "USA"]
[SourceTitle "CB15_2025"]
[SourceDate "2025.04.09"]
[SourceVersion "1"]
[SourceVersionDate "2025.04.09"]
[SourceQuality "1"]

1. d4 d5 2. Bg5 h6 3. Bh4 g5 4. Bg3 Bg7 5. e3 c5 6. c3 cxd4 7. cxd4 Nc6 8. Nf3 Nf6 9. Bd3 Ne4 10. Nbd2 f5 11. 0-0 0-0 12. Be5 Nxe5 13. Nxe5 Bxe5 14. dxe5 Qc7 15. f4 Qb6 16. Kh1 Qxe3 17. Bxe4 dxe4 18. Qh5 Kg7 19. Nc4 Qc5 20. fxg5 Qxc4 21. Qxh6+ Kf7 22. g6+ Ke8 23. Qh5 Rg8 24. Rad1 Rg7 25. Qh6 Qg8 26. Rf2 Rxg6 27. Qh5 Be6 28. Rfd2 Kf7 29. g4 Qh8 30. Qxh8 Rxh8 31. gxf5 Bxf5 32. Rf2 Ke6 33. Rdf1 Bg4 34. Rg1 Bf3+ 0-1

[Event "New York Marshall CC op-B"]
[Site "New York"]
[Date "2024.09.09"]
[Round "5"]
[White "Klenoff, Caleb"]
[Black "Schaefer, Sasha Milo"]
[Result "1-0"]
[WhiteElo "2100"]
[BlackElo "1782"]
[PlyCount "177"]
[EventDate "2024.09.07"]
[EventType "swiss"]
[EventRounds "5"]
[EventCountry "USA"]
[SourceTitle "EXT 2025"]
[Source "ChessBase"]
[SourceDate "2024.10.14"]
[SourceVersion "1"]
[SourceVersionDate "2024.10.14"]
[SourceQuality "1"]

1. e4 c6 2. Nc3 d5 3. Qf3 dxe4 4. Nxe4 Nf6 5. Bc4 Nbd7 6. d4 Nb6 7. Bd3 Nxe4 8. Qxe4 g6 9. c3 Bg7 10. Qe3 0-0 11. Ne2 Re8 12. f4 Nd5 13. Qf2 c5 14. f5 cxd4 15. Nxd4 e5 16. fxe6 fxe6 17. 0-0 Rf8 18. Qg3 Rxf1+ 19. Bxf1 e5 20. Nf3 Qc7 21. c4 Ne7 22. Ng5 Bf5 23. Be3 h6 24. Nf3 Be4 25. Nd2 Bc2 26. Bf2 Rd8 27. Nf3 Kh7 28. Rc1 Be4 29. Re1 Nf5 30. Qh3 Bxf3 31. Qxf3 Nd4 32. Qe4 Rd6 33. Kh1 Rf6 34. Bg3 Qf7 35. Bd3 Rf5 36. Kg1 Ne6 37. Qe3 e4 38. Qxe4 Nc5 39. Qe3 Nxd3 40. Qxd3 Bxb2 41. Bd6 Bf6 42. g3 Qd7 43. Rd1 Bg7 44. c5 Qc6 45. Re1 Rf3 46. Qe4 Qxe4 47. Rxe4 Rf7 48. Kg2 Rd7 49. Re6 Rf7 50. Re4 Bc3 51. a4 Kg7 52. Re6 Bd4 53. g4 Bf6 54. Kf3 Bg5+ 55. Ke2 Rd7 56. Kd3 Kf7 57. Re2 b6 58. Kc4 bxc5 59. Kxc5 Rb7 60. a5 a6 61. Kc6 Rb5 62. Bc7 Bf6 63. Bb6 Bc3 64. Ra2 Ke6 65. Kb7 Rb4 66. Rc2 Bd4 67. Kxa6 Bxb6 68. axb6 Kd7 69. b7 Ra4+ 70. Kb6 Rb4+ 71. Ka6 Ra4+ 72. Kb6 Rb4+ 73. Ka7 Ra4+ 74. Kb8 Rxg4 75. Rd2+ Ke7 76. Ra2 Kf6 77. Ka7 Rb4 78. b8Q Rxb8 79. Kxb8 Kf5 80. Kc7 g5 81. Kd6 Ke4 82. Ke6 Kf4 83. Kf6 Kg4 84. Kg6 Kh4 85. Kxh6 Kh3 86. Kh5 g4 87. Ra3+ Kg2 88. Kxg4 Kh1 89. Kg3 1-0